00387nam a2200121Ia 4500003000400000005001700004008004100021040001800062041000800080100005100088245008800139260003800227OSt20260119155540.0211028s2013 xx 000 0 und d cAIMIT LIBRARY aeng aDodmane, Vijendra K; Kairanna, Sneha.g1116174 aStudy on decrease in the customer interest towards blackberrys menswear Mangalore / aMangalorebSneha S Kairannac2013